000 01736nam0a2200349 4500
001 RU\NLR\bibl\1852518
005 20260405235310.0
010 _a978-5-4343-0034-6
_9100
021 _aRU
_b2011-97123
_96957
035 _a(NLR Aleph) 001842461
090 _a2291061
_c2291061
100 _a20111223d2011 |||y0rusy50 ca
101 0 _arus
102 _aRU
105 _ay |||||||||
200 1 _aСоциально-культурная анимация
_eучебное пособие
_fГаньшина Г.В., Григорьев И.Н.
_gДепартамент образования г. Москвы, Гос. бюджет. образоват. учреждение высш. проф. образования г. Москвы "Моск. гуманитар. пед. ин-т"
210 _aМосква
_aТамбов
_cТРОО "Бизнес-Наука-Общество"
_d2011
215 _a167 с.
_d21
300 _aНа 4-й с. обл. авт.: Ганьшина Г.В., к.пед.н., доц., Григорьев И.Н., к.пед.н.
320 _aБиблиогр.: с. 158-162
606 0 _aТуризм
_jУчебные издания
_9906944
_3RU\NLR\auth\6610825
606 1 _aКультурно-досуговая деятельность
_jУчебные издания
_92595259
_3RU\NLR\auth\661533457
686 _aЧ518.1я7
686 _aЧ71я7
700 1 _aГаньшина
_bГ. В.
_gГалина Васильевна
_4070
701 1 _4070
_7ca
_8rus
_aГригорьев
_bИ. Н.
_cканд. пед. наук
_gИлья Николаевич
_991840
_3RU\NLR\auth\77108915
801 0 _aRU
_bNLR
_c20111223
_gRCR
801 1 _aRU
_bNLR
_c20111223
942 _cBOOK
980 _aNB
980 _aNBR